Windows 95 programming for dummies / (Record no. 133111)

MARC details
000 -LEADER
fixed length control field 00701nam a22002297a 4500
005 - DATE AND TIME OF LATEST TRANSACTION
control field 20170124110204.0
010 ## - LIBRARY OF CONGRESS CONTROL NUMBER
LC control number A-870999
020 ## - INTERNATIONAL STANDARD BOOK NUMBER
Terms of availability 150.00
035 ## - SYSTEM CONTROL NUMBER
System control number A-870999
037 ## - SOURCE OF ACQUISITION
Source of stock number/acquisition Cen Lib/Ret
040 ## - CATALOGING SOURCE
Original cataloging agency DPL
Language of cataloging EN
082 ## - DEWEY DECIMAL CLASSIFICATION NUMBER
Classification number 001.64
Item number DAV
100 ## - MAIN ENTRY--PERSONAL NAME
Personal name Davis, Stephen R.
9 (RLIN) 36858
245 ## - TITLE STATEMENT
Title Windows 95 programming for dummies /
Statement of responsibility, etc by Stephen R.Davis
260 ## - PUBLICATION, DISTRIBUTION, ETC. (IMPRINT)
Place of publication, distribution, etc Delhi
Name of publisher, distributor, etc Pustak Mahal
Date of publication, distribution, etc 1995
270 ## - ADDRESS
City Delhi
Address 6686, Khari Baoli
Postal code 110006
300 ## - PHYSICAL DESCRIPTION
Extent xxiii,520p. :
Dimensions 24cm(Hb)
Other physical details ill.
500 ## - GENERAL NOTE
General note Includes index
650 ## - SUBJECT ADDED ENTRY--TOPICAL TERM
Topical term or geographic name as entry element Windows (Computer programs) -- Handbooks, manuals, etc
9 (RLIN) 36859
650 ## - SUBJECT ADDED ENTRY--TOPICAL TERM
Topical term or geographic name as entry element Computer programming
9 (RLIN) 1122
942 ## - ADDED ENTRY ELEMENTS (KOHA)
Source of classification or shelving scheme Dewey Decimal Classification
Koha item type English Books
Classification part 001.64
Call number suffix DAV
Holdings
Withdrawn status Lost status Damaged status Not for loan Home library Current library Date acquired Source of acquisition Cost, normal purchase price Total Checkouts Full call number Barcode Date last seen Copy number Cost, replacement price Price effective from Koha item type Public note
Written off       Central Library Central Library 24/07/2015 Cen Lib/Ret 150.00   001.64 DAV A-870999 24/07/2015 1 150.00 24/07/2015 English Books W/d list no. 6808/4

© Delhi Public Library
Hit Counter
free hit counter